| 000 | 00700nam a2200181Ia 4500 | ||
|---|---|---|---|
| 003 | GCL | ||
| 008 | 140319s9999 xx 000 0 ara d | ||
| 040 |
_aGCL / _cGCL |
||
| 082 | 0 | 4 |
_a272.1 _bد ك |
| 100 | 1 | _aدار الكتاب المقدس | |
| 245 | 1 | 0 |
_aالكتاب المقدس اى كتب العهد القديم والعهد الجديد وقد ترجم من اللغات الاصلية وهى العبرية والكلدانية واليونانية / _cدار الكتاب المقدس |
| 300 | _aمتعدد | ||
| 490 |
_aدار الكتاب المقدس _v0 |
||
| 650 | 0 | 4 | _aالانجيل |
| 650 | 0 | 4 | _aالكتب السماوية |
| 650 | 0 | 4 | _aالكتب القدس |
| 942 |
_2ddc _cBK |
||
| 999 |
_c51991 _d51991 |
||